000
00267nam a22001097a 4500
082
_a
341.23
_b
UNP
100
_a
UNITED NATION PUBLICATION
245
_a
EVERYMANS UNITED NATION
260
_a
NEW YORK
_b
UNITED NATION PUBLICATION
_c
1956
300
_a
444
942
_2
ddc
_c
BK
999
_c
33367
_d
33367